| 000 | 00756nam a22001937a 4500 | ||
|---|---|---|---|
| 005 | 20240618130530.0 | ||
| 008 | 221209b ||||| |||| 00| 0 eng d | ||
| 040 | _cAL | ||
| 041 | _aHindi | ||
| 082 |
_223 _aH891.4 _bMAHL |
||
| 100 |
_aYavacharya Mahaprajna युवाचार्य महाप्रज्न _9171109 |
||
| 245 | _aLoktantra: Naya Vyakti Naya Samaj लोकतंत्र : नया व्यक्ती नया समाज | ||
| 260 |
_aLadnun _bJain Vishva Bharti Prakshan _c1993 |
||
| 300 |
_a143 p. _bHB _c22x14.2 cm. |
||
| 365 |
_a₹25.00 _b₹ _c₹25.00 |
||
| 650 |
_aHindi Prose _965230 |
||
| 700 |
_aMAHAPRAJNA (Yuvacharya) महाप्रज्न (युवाचार्य) _965231 |
||
| 942 |
_2ddc _cGF |
||
| 999 |
_c225531 _d225531 |
||